Welcome to the Holygrace Academy Library

Please use search bar below to get started

HIGUINA (Record no. 4973)

MARC details
000 -LEADER
fixed length control field 00597nam a22001457a 4500
020 ## - INTERNATIONAL STANDARD BOOK NUMBER
ISBN DC BOOKS
082 ## - DEWEY DECIMAL CLASSIFICATION NUMBER
Classification number 894812.3
Item number MAD/H
100 ## - MAIN ENTRY--AUTHOR NAME
Personal name MADHAVAN N.S
245 ## - TITLE STATEMENT
Title HIGUINA
260 ## - PUBLICATION, DISTRIBUTION, ETC. (IMPRINT)
Place of publication KOTTAYAM
Name of publisher DC BOOKS
Year of publication 2014
300 ## - PHYSICAL DESCRIPTION
Number of Pages 100
520 ## - SUMMARY, ETC.
Summary, etc Higuita, first published in 1990, is considered one of the finest Malayalam short stories of the 20th century. It revolves around a Christian priest, Father Gee Varghese, who is an ardent fan of the Colombian goalkeeper René Higuita, and takes inspiration from his hero to save a tribal girl from being trafficked.
650 ## - SUBJECT ADDED ENTRY--TOPICAL TERM
Topical Term NOVEL
942 ## - ADDED ENTRY ELEMENTS (KOHA)
Koha item type Books
Holdings
Withdrawn status Lost status Collection code Home library Current library Shelving location Date acquired Source of acquisition Cost, normal purchase price Full call number Accession Number Koha item type
    Fiction Main Library Main Library SHELF-16- J- MALAYALAM NOVELS,FICTIONS 19/09/2015 Purchase 80.00 894812.3 MAD/H 01925 Books